[Event "77th GEO-ch Women 2020"]
[Site "Tbilisi"]
[Date "2020.07.21"]
[Round "1.1"]
[White "Vakhania, Aleksandra"]
[Black "Khotenashvili, Bela"]
[Result "0-1"]
[WhiteElo "2138"]
[BlackElo "2458"]
[Annotator "ChessBase"]
[PlyCount "82"]
[EventDate "2020.07.21"]
[EventType "tourn"]
[EventCountry "GEO"]
[SourceTitle "playchess.com"]
[Source "ChessBase"]
[SourceQuality "1"]
[TimeControl "5400+30"]

1. d4 {[%emt 0:00:00]} Nf6 {[%emt 0:00:00]} 2. Bg5 {[%emt 0:00:00]} Ne4 {[%emt 0:00:22]} 3. Bf4 {[%emt 0:00:16]} d5 {[%emt 0:01:57]} 4. f3 {[%emt 0:01:56]} Nf6 {[%emt 0:01:41]} 5. e4 {[%emt 0:00:30]} c5 {[%emt 0:04:15]} 6. Nc3 {[%emt 0:11:54]} e6 {[%emt 0:01:24]} 7. exd5 {[%emt 0:06:12]} Nxd5 {[%emt 0:06:25]} 8. Bb5+ {[%emt 0:07:03]} Nc6 {[%emt 0:01:54]} 9. Nxd5 {[%emt 0:00:50]} Qxd5 {[%emt 0:10:12]} 10. c4 {[%emt 0:04:32]} Qxd4 {[%emt 0:04:01]} 11. Qa4 {[%emt 0:19:49]} Qxf4 {[%emt 0:12:17]} 12. Bxc6+ {[%emt 0:01:17]} Ke7 {[%emt 0:00:04]} 13. Rd1 {[%emt 0:08:39]} Qc7 {[%emt 0:04:42]} 14. Be4 {[%emt 0:07:39]} f5 {[%emt 0:00:22]} 15. Bb1 {[%emt 0:00:21]} Kf7 {[%emt 0:05:12]} 16. Ne2 {[%emt 0:05:56]} Bd6 {[%emt 0:03:06]} 17. Kf2 {[%emt 0:01:06]} Bd7 {[%emt 0:02:04]} 18. Qc2 {[%emt 0:00:57]} Bc6 {[%emt 0:01:52]} 19. h4 {[%emt 0:06:23]} Rad8 {[%emt 0:03:08]} 20. h5 {[%emt 0:00:15]} Be5 {[%emt 0:01:05]} 21. Qc1 {[%emt 0:01:06]} Rxd1 {[%emt 0:03:11]} 22. Rxd1 {[%emt 0:00:20]} Rd8 {[%emt 0:00:35]} 23. b3 {[%emt 0:03:44]} Bb2 {[%emt 0:11:07]} 24. Qc2 {[%emt 0:01:01]} Rxd1 {[%emt 0:00:05]} 25. Qxd1 {[%emt 0:00:06]} Qh2 {[%emt 0:00:19]} 26. Qd2 {[%emt 0:02:52]} Bf6 {[%emt 0:00:48]} 27. Qf4 {[%emt 0:02:04]} Qxh5 {[%emt 0:02:15]} 28. Qc7+ {[%emt 0:00:15]} Be7 {[%emt 0:00:38]} 29. Nf4 {[%emt 0:00:47]} Qh4+ {[%emt 0:00:31]} 30. Ke2 {[%emt 0:00:29]} Qh2 {[%emt 0:10:55]} 31. Qe5 {[%emt 0:05:29]} Bd7 {[%emt 0:00:18]} 32. Qc7 {[%emt 0:00:43]} g5 {[%emt 0:03:41]} 33. Qxd7 {[%emt 0:00:24]} gxf4 {[%emt 0:01:40]} 34. Kf2 {[%emt 0:00:44]} Qh4+ {[%emt 0:00:05]} 35. Ke2 {[%emt 0:00:04]} Qh1 {[%emt 0:00:06]} 36. Bd3 {[%emt 0:01:15]} Qxg2+ {[%emt 0:00:07]} 37. Kd1 {[%emt 0:00:04]} Qxf3+ {[%emt 0:00:39]} 38. Be2 {[%emt 0:00:10]} Qh1+ {[%emt 0:00:04]} 39. Kc2 {[%emt 0:00:14]} Qe4+ {[%emt 0:00:34]} 40. Bd3 {[%emt 0:00:18]} Qc6 {[%emt 0:00:45]} 41. Qxc6 {[%emt 0:00:42]} bxc6 {[%emt 0:00:01]} 0-1

[Event "77th GEO-ch Women 2020"]
[Site "Tbilisi"]
[Date "2020.07.21"]
[Round "1.2"]
[White "Tsotsonava, Elene"]
[Black "Khomeriki, Nino"]
[Result "0-1"]
[WhiteElo "2012"]
[BlackElo "2319"]
[Annotator "TA"]
[PlyCount "60"]
[EventDate "2020.07.21"]
[EventType "tourn"]
[EventCountry "GEO"]
[SourceTitle "playchess.com"]
[Source "ChessBase"]
[SourceQuality "1"]

{[%evp 18,60,26,23,26,16,20,17,27,23,49,47,54,11,23,-21,-11,-41,-51,-59,-68,-54,-42,-79,-27,-66,-29,-155,-156,-145,-125,-281,-168,-316,-310,-316,-258,-289,-279,-266,-258,-437,-421,-841,-795]} 1. e4 e5 2. Nf3 Nc6 3. Bb5 a6 4. Ba4 Nf6 5. O-O Be7 6. Re1 b5 7. Bb3 d6 8. c3 O-O 9. h3 Bb7 {9...Nb8 is becoming the main line.} 10. d4 Nd7 {C92: Closed Ruy Lopez: 9...Be6, Karpov and Flohr-Zaitsev Variations.} 11. a4 Na5 12. Bc2 c5 {The position is equal.} 13. d5 c4 14. Be3 Qc7 {[#]} 15. Nbd2 $146 ({Predecessor:} 15. Na3 bxa4 16. Nd2 f5 17. exf5 Nf6 18. Bxa4 Kh8 19. b4 cxb3 20. c4 Nd7 21. Bxd7 Qxd7 22. Nxb3 Nxb3 23. Qxb3 {0-1 (30) Gadimbayli,A (2420)-Sanal,V (2510) Cesme 2018}) 15... Nc5 16. Bxc5 Qxc5 17. b4 cxb3 $1 18. Nxb3 Nxb3 19. Bxb3 Qxc3 20. Re3 Qb4 ({Black should try} 20... Qc5 $17) 21. Ne1 Rfc8 22. Nd3 {[#]} (22. Bc2 $11) 22... Qd4 $1 $17 23. Rb1 Rc3 24. Ba2 $2 (24. axb5 $17 axb5 25. Bc2) 24... Rac8 (24... Bg5 $142 25. Rb4 Bxe3 26. Rxd4 Bxd4 27. axb5 axb5) 25. Kh2 (25. Nb4 $142) 25... Bg5 $19 26. Rg3 Qxe4 27. axb5 axb5 28. Rxb5 Ba6 29. Rb3 $2 (29. Rb4 {was the only chance.} Qf5 30. Rf3) 29... h6 {[%cal Ra6d3] [#] ...Bxd3 is the strong threat.} 30. Nc5 (30. Bb1 $142 Qxd5 31. Nb2 Qxd1 32. Nxd1) 30... R3xc5 {Black took control after the opening. Accuracy: White = 29%, Black = 67%.} 0-1

[Event "77th GEO-ch Women 2020"]
[Site "Tbilisi"]
[Date "2020.07.21"]
[Round "1.3"]
[White "Gvetadze, Sofio"]
[Black "Melia, Salome"]
[Result "1-0"]
[WhiteElo "2308"]
[BlackElo "2370"]
[Annotator "ChessBase"]
[PlyCount "101"]
[EventDate "2020.07.21"]
[EventType "tourn"]
[EventCountry "GEO"]
[SourceTitle "playchess.com"]
[Source "ChessBase"]
[SourceQuality "1"]
[TimeControl "5400+30"]

1. e4 {[%emt 0:00:00]} c5 {[%emt 0:00:00]} 2. Nf3 {[%emt 0:00:00]} Nc6 {[%emt 0:00:00]} 3. c3 {[%emt 0:00:06]} d5 {[%emt 0:05:30]} 4. exd5 {[%emt 0:00:07]} Qxd5 {[%emt 0:00:03]} 5. d4 {[%emt 0:00:08]} Bg4 {[%emt 0:01:38]} 6. Be2 {[%emt 0:00:11]} e6 {[%emt 0:01:09]} 7. O-O {[%emt 0:00:20]} Nf6 {[%emt 0:00:34]} 8. Be3 {[%emt 0:01:07]} cxd4 {[%emt 0:00:18]} 9. cxd4 {[%emt 0:00:04]} Be7 {[%emt 0:04:12]} 10. Nc3 {[%emt 0:00:15]} Qd6 {[%emt 0:01:53]} 11. Qb3 {[%emt 0:11:29]} O-O {[%emt 0:04:54]} 12. Rad1 {[%emt 0:03:46]} Qb4 {[%emt 0:05:16]} 13. Qc2 {[%emt 0:02:03]} Bf5 {[%emt 0:02:36]} 14. Qc1 {[%emt 0:01:53]} Rac8 {[%emt 0:08:12]} 15. a3 {[%emt 0:09:50]} Qa5 {[%emt 0:07:28]} 16. Qa1 {[%emt 0:18:33]} Ne4 {[%emt 0:06:33]} 17. Nxe4 {[%emt 0:03:03]} Bxe4 {[%emt 0:00:12]} 18. Nd2 {[%emt 0:02:39]} Bd5 {[%emt 0:01:10]} 19. b4 {[%emt 0:28:36]} Qa4 {[%emt 0:12:45]} 20. Rb1 {[%emt 0:02:27]} Qc2 {[%emt 0:03:39]} 21. Rfc1 {[%emt 0:00:56]} Qg6 {[%emt 0:00:13]} 22. Bf3 {[%emt 0:00:29]} Rcd8 {[%emt 0:05:22]} 23. b5 {[%emt 0:00:50]} Na5 {[%emt 0:02:49]} 24. Bxd5 {[%emt 0:02:42]} Rxd5 {[%emt 0:06:38]} 25. Qc3 {[%emt 0:00:20]} b6 {[%emt 0:00:16]} 26. Qc7 {[%emt 0:02:40]} Bxa3 {[%emt 0:07:56]} 27. Re1 {[%emt 0:03:14]} Bd6 {[%emt 0:08:44]} 28. Qxa7 {[%emt 0:00:26]} Rb8 {[%emt 0:01:13]} 29. Rec1 {[%emt 0:01:20]} h6 {[%emt 0:01:12]} 30. Nf3 {[%emt 0:01:12]} Nc4 {[%emt 0:01:47]} 31. Rb3 {[%emt 0:00:06]} Nxe3 {[%emt 0:00:32]} 32. fxe3 {[%emt 0:00:07]} Qe4 {[%emt 0:00:42]} 33. Rf1 {[%emt 0:03:39]} Qc2 {[%emt 0:00:31]} 34. Rbb1 {[%emt 0:01:31]} Rf5 {[%emt 0:00:29]} 35. Qd7 {[%emt 0:00:38]} Bf8 {[%emt 0:00:30]} 36. Ne5 {[%emt 0:00:13]} Qe4 {[%emt 0:00:32]} 37. Rxf5 {[%emt 0:00:21]} exf5 {[%emt 0:00:28]} 38. Qxf7+ {[%emt 0:00:09]} Kh7 {[%emt 0:00:31]} 39. Qg6+ {[%emt 0:00:29]} Kg8 {[%emt 0:00:18]} 40. Rf1 {[%emt 0:00:26]} Qxe3+ {[%emt 0:00:34]} 41. Kh1 {[%emt 0:00:04]} Qxd4 {[%emt 0:00:39]} 42. Qf7+ {[%emt 0:00:16]} Kh7 {[%emt 0:00:31]} 43. Qxf5+ {[%emt 0:00:24]} Kg8 {[%emt 0:00:24]} 44. Qf7+ {[%emt 0:00:17]} Kh7 {[%emt 0:00:18]} 45. Nd7 {[%emt 0:00:12]} Bd6 {[%emt 0:00:46]} 46. Qf5+ {[%emt 0:01:14]} Kh8 {[%emt 0:00:26]} 47. Nxb8 {[%emt 0:00:09]} Qh4 {[%emt 0:00:33]} 48. Qc8+ {[%emt 0:01:06]} Kh7 {[%emt 0:00:05]} 49. Qc2+ {[%emt 0:00:08]} Kh8 {[%emt 0:00:27]} 50. g3 {[%emt 0:00:21]} Qh3 {[%emt 0:00:57]} 51. Qg2 {[%emt 0:00:08]} 1-0

[Event "77th GEO-ch Women 2020"]
[Site "Tbilisi"]
[Date "2020.07.21"]
[Round "1.4"]
[White "Khukhashvili, Sopiko"]
[Black "Arabidze, Meri"]
[Result "0-1"]
[WhiteElo "2339"]
[BlackElo "2428"]
[Annotator "ChessBase"]
[PlyCount "72"]
[EventDate "2020.07.21"]
[EventType "tourn"]
[EventCountry "GEO"]
[SourceTitle "playchess.com"]
[Source "ChessBase"]
[SourceQuality "1"]
[TimeControl "5400+30"]

1. e4 {[%emt 0:00:00]} e5 {[%emt 0:00:00]} 2. Nf3 {[%emt 0:00:00]} Nc6 {[%emt 0:00:00]} 3. Nc3 {[%emt 0:00:12]} Nf6 {[%emt 0:00:00]} 4. d4 {[%emt 0:00:19]} exd4 {[%emt 0:00:07]} 5. Nxd4 {[%emt 0:00:06]} Bb4 {[%emt 0:00:18]} 6. Nxc6 {[%emt 0:00:19]} bxc6 {[%emt 0:00:04]} 7. Bd3 {[%emt 0:00:04]} d5 {[%emt 0:00:27]} 8. exd5 {[%emt 0:00:56]} O-O {[%emt 0:00:09]} 9. O-O {[%emt 0:00:15]} cxd5 {[%emt 0:00:20]} 10. Bg5 {[%emt 0:00:12]} c6 {[%emt 0:00:21]} 11. Qf3 {[%emt 0:00:12]} Bd6 {[%emt 0:00:24]} 12. h3 {[%emt 0:00:48]} Rb8 {[%emt 0:00:45]} 13. Na4 {[%emt 0:00:23]} h6 {[%emt 0:03:02]} 14. Be3 {[%emt 0:03:18]} Ne4 {[%emt 0:07:15]} 15. Qh5 {[%emt 0:04:51]} f5 {[%emt 0:14:42]} 16. Bxe4 {[%emt 0:21:19]} fxe4 {[%emt 0:00:54]} 17. c4 {[%emt 0:01:02]} Rf5 {[%emt 0:06:45]} 18. Qe2 {[%emt 0:01:29]} Qe7 {[%emt 0:04:17]} 19. cxd5 {[%emt 0:11:28]} Qe5 {[%emt 0:05:20]} 20. g3 {[%emt 0:00:30]} cxd5 {[%emt 0:02:11]} 21. Rfc1 {[%emt 0:00:55]} Bd7 {[%emt 0:04:21]} 22. Nc5 {[%emt 0:09:43]} Rxb2 {[%emt 0:11:05]} 23. Qe1 {[%emt 0:09:20]} Bb5 {[%emt 0:04:05]} 24. Nb3 {[%emt 0:03:56]} Rxb3 {[%emt 0:11:45]} 25. axb3 {[%emt 0:03:31]} d4 {[%emt 0:00:07]} 26. f4 {[%emt 0:03:25]} Qf6 {[%emt 0:01:55]} 27. Bd2 {[%emt 0:05:17]} e3 {[%emt 0:00:51]} 28. Bb4 {[%emt 0:00:16]} a6 {[%emt 0:01:14]} 29. Bxd6 {[%emt 0:03:58]} Qxd6 {[%emt 0:00:09]} 30. b4 {[%emt 0:01:35]} Rf8 {[%emt 0:02:24]} 31. Rc5 {[%emt 0:11:36]} Re8 {[%emt 0:01:16]} 32. Qd1 {[%emt 0:01:03]} d3 {[%emt 0:02:53]} 33. Qh5 {[%emt 0:00:22]} e2 {[%emt 0:02:03]} 34. Kh2 {[%emt 0:02:23]} Qd4 {[%emt 0:03:50]} 35. h4 {[%emt 0:01:31]} Qxa1 {[%emt 0:01:06]} 36. Rxb5 {[%emt 0:00:10]} e1=Q {[%emt 0:00:16]} 0-1

[Event "77th GEO-ch Women 2020"]
[Site "Tbilisi"]
[Date "2020.07.21"]
[Round "1.5"]
[White "Batsiashvili, Nino"]
[Black "Javakhishvili, Lela"]
[Result "1-0"]
[WhiteElo "2457"]
[BlackElo "2475"]
[Annotator "ChessBase"]
[PlyCount "83"]
[EventDate "2020.07.21"]
[EventType "tourn"]
[EventCountry "GEO"]
[SourceTitle "playchess.com"]
[Source "ChessBase"]
[SourceQuality "1"]
[TimeControl "5400+30"]

1. d4 {[%emt 0:00:00]} Nf6 {[%emt 0:01:09]} 2. c4 {[%emt 0:00:00]} e6 {[%emt 0:00:12]} 3. Nf3 {[%emt 0:00:00]} d5 {[%emt 0:01:00]} 4. Nc3 {[%emt 0:00:53]} c5 {[%emt 0:00:09]} 5. e3 {[%emt 0:02:06]} Nc6 {[%emt 0:00:10]} 6. cxd5 {[%emt 0:00:28]} Nxd5 {[%emt 0:02:40]} 7. Bc4 {[%emt 0:05:45]} cxd4 {[%emt 0:02:26]} 8. exd4 {[%emt 0:01:49]} Be7 {[%emt 0:02:45]} 9. O-O {[%emt 0:02:48]} O-O {[%emt 0:05:44]} 10. Re1 {[%emt 0:11:12]} b6 {[%emt 0:15:24]} 11. a3 {[%emt 0:10:31]} Nxc3 {[%emt 0:01:34]} 12. bxc3 {[%emt 0:00:04]} Bb7 {[%emt 0:00:31]} 13. Ba2 {[%emt 0:08:07]} Rc8 {[%emt 0:02:26]} 14. Qd3 {[%emt 0:01:07]} Bf6 {[%emt 0:03:45]} 15. a4 {[%emt 0:09:41]} Re8 {[%emt 0:06:58]} 16. h4 {[%emt 0:13:08]} Ne7 {[%emt 0:08:49]} 17. Ng5 {[%emt 0:08:02]} Ng6 {[%emt 0:06:52]} 18. Bd2 {[%emt 0:04:01]} Bxg5 {[%emt 0:04:52]} 19. Bxg5 {[%emt 0:03:38]} Qc7 {[%emt 0:00:09]} 20. Re3 {[%emt 0:00:32]} Nf4 {[%emt 0:05:04]} 21. Bxf4 {[%emt 0:00:13]} Qxf4 {[%emt 0:00:02]} 22. Rae1 {[%emt 0:05:22]} Red8 {[%emt 0:05:40]} 23. Rg3 {[%emt 0:02:51]} Bd5 {[%emt 0:05:13]} 24. Bb1 {[%emt 0:00:05]} f5 {[%emt 0:00:25]} 25. h5 {[%emt 0:02:09]} Rc7 {[%emt 0:02:21]} 26. Qe2 {[%emt 0:01:22]} Qh6 {[%emt 0:06:20]} 27. Ba2 {[%emt 0:01:51]} f4 {[%emt 0:02:03]} 28. Rh3 {[%emt 0:00:24]} Qf6 {[%emt 0:04:03]} 29. Bxd5 {[%emt 0:03:29]} exd5 {[%emt 0:00:02]} 30. Rf3 {[%emt 0:01:25]} Rf7 {[%emt 0:02:28]} 31. Qd2 {[%emt 0:00:31]} g5 {[%emt 0:00:36]} 32. hxg6 {[%emt 0:00:17]} hxg6 {[%emt 0:00:02]} 33. Re5 {[%emt 0:00:28]} Kg7 {[%emt 0:03:00]} 34. Qe2 {[%emt 0:01:42]} Qc6 {[%emt 0:01:09]} 35. Re6 {[%emt 0:00:17]} Qc7 {[%emt 0:00:35]} 36. Rh3 {[%emt 0:00:41]} Rg8 {[%emt 0:00:49]} 37. Rxg6+ {[%emt 0:00:27]} Kf8 {[%emt 0:00:17]} 38. Rxg8+ {[%emt 0:00:21]} Kxg8 {[%emt 0:00:01]} 39. Qh5 {[%emt 0:00:15]} Kf8 {[%emt 0:00:16]} 40. Qxd5 {[%emt 0:00:15]} Qe7 {[%emt 0:00:12]} 41. Rh8+ {[%emt 0:00:48]} Kg7 {[%emt 0:00:00]} 42. Qh5 {[%emt 0:00:07]} 1-0

[Event "77th GEO-ch Women 2020"]
[Site "Tbilisi"]
[Date "2020.07.22"]
[Round "2.1"]
[White "Khotenashvili, Bela"]
[Black "Javakhishvili, Lela"]
[Result "1/2-1/2"]
[WhiteElo "2458"]
[BlackElo "2475"]
[Annotator "TA"]
[PlyCount "81"]
[EventDate "2020.07.21"]
[EventType "tourn"]
[EventCountry "GEO"]
[SourceTitle "playchess.com"]
[Source "ChessBase"]
[SourceQuality "1"]

{[%evp 20,81,0,-6,0,0,0,-28,0,0,0,0,0,0,0,0,0,0,0,0,49,23,28,7,8,10,8,16,21,31,30,0,13,0,0,-12,0,-27,-26,-32,-52,-33,52,63,68,68,69,19,22,0,0,6,0,0,20,10,10,0,0,0,0,0,0,0]} 1. c4 e6 2. Nf3 Nf6 3. g3 d5 4. b3 Be7 5. Bg2 O-O 6. O-O c5 7. Bb2 Nc6 8. e3 d4 9. exd4 cxd4 10. Re1 Re8 11. d3 Bc5 $1 {11...Bc5 is better than 11...Bf8. A14: English Opening: 1...e6 with b3 by White.} 12. a3 a5 13. Nbd2 h6 {Black has an edge.} 14. Ne5 Nxe5 15. Rxe5 Qd6 {[#]} 16. Nf3 $146 ({Predecessor:} 16. f4 Rb8 17. Qe2 Bd7 18. g4 Bc6 19. Bxc6 Qxc6 20. Rf1 Nd7 21. Rh5 e5 22. Ne4 {1-0 (46) Erenberg,A (2482)-Kargin,A (2419) Budapest 2019}) 16... Bd7 17. Rxc5 Qxc5 18. Bxd4 Qe7 19. Ne5 Bc8 (19... Qd6 $5 {[%cal Rd6d4]} 20. Bc3 Bc6 $11) 20. Qc2 Nd7 21. Nxd7 Qxd7 22. Qc3 f6 23. Bb6 a4 $1 24. b4 e5 25. Bd5+ Kh8 26. b5 Qe7 27. c5 Be6 28. Be4 Qf7 29. c6 bxc6 30. bxc6 Ra6 (30... f5 $15 31. Bh1 Bd5) 31. Qc5 $14 Rb8 32. Rb1 $36 {[%mdl 2048] White fights for an advantage.} Bb3 33. c7 Raxb6 {The position is equal.} 34. Qxb6 Rxb6 35. c8=Q+ Qg8 36. Rc1 Rb8 37. Qd7 Rd8 38. Qf5 Be6 39. Qg6 Bf7 40. Qf5 Be6 41. Qg6 {Accuracy: White = 83%, Black = 82%.} 1/2-1/2

[Event "77th GEO-ch Women 2020"]
[Site "Tbilisi"]
[Date "2020.07.22"]
[Round "2.2"]
[White "Arabidze, Meri"]
[Black "Batsiashvili, Nino"]
[Result "1/2-1/2"]
[WhiteElo "2428"]
[BlackElo "2457"]
[Annotator "TA"]
[PlyCount "88"]
[EventDate "2020.07.21"]
[EventType "tourn"]
[EventCountry "GEO"]
[SourceTitle "playchess.com"]
[Source "ChessBase"]
[SourceQuality "1"]

{[%evp 22,88,8,15,18,12,20,19,32,19,32,35,38,38,39,0,41,0,17,0,0,0,0,0,0,-7,-5,-29,-33,-38,-39,-50,-17,-24,-20,-16,-7,-61,-62,-76,-84,-101,-90,-112,-107,-97,-89,-104,-108,-104,0,-120,-110,-87,-8,-191,-125,-125,0,-5,0,0,0,0,0,0,0,0,0]} 1. d4 Nf6 2. c4 e6 3. Nf3 d5 4. Nc3 Bb4 5. Bg5 h6 6. Bxf6 Qxf6 7. Qb3 c5 8. cxd5 exd5 9. e3 O-O 10. dxc5 Bxc3+ 11. Qxc3 Qxc3+ 12. bxc3 Be6 {D38: Queen's Gambit Declined: Ragozin Defence (4 Nf3 Bb4).} 13. Bb5 Rc8 14. Nd4 Rxc5 15. Kd2 Rc7 16. Rhb1 Nc6 17. Bxc6 bxc6 {[#]} 18. a4 $146 ({Predecessor:} 18. Rb3 c5 19. Nxe6 fxe6 20. Rab1 Kf7 21. c4 Ke7 22. Kc3 Rd8 23. Rb7 Kd6 24. R7b5 {½-½ (68) Onischuk,A (2699)-Vitiugov,N (2707) Poikovsky 2010}) 18... c5 19. Ne2 Rd8 20. a5 g5 21. Rb2 Rd6 22. Ra3 Kg7 23. f3 Bc8 24. Nc1 Ba6 $36 {[%mdl 2048] Black fights for an advantage.} 25. Ra4 Re6 26. Nd3 $1 Bxd3 (26... f5 {is interesting.} 27. g3 Kf6 28. Ra1 Rce7 29. Re1 d4) 27. Kxd3 $15 {[%mdl 4096] Endgame KRR-KRR} Rce7 28. Re2 f5 29. a6 {[#]} (29. Ra1 $11) 29... f4 $1 {[%cal Re6e3][%mdl 512]} 30. e4 {[#]} (30. exf4 Rxe2) 30... Kf6 $1 31. Ra5 Rd6 32. exd5 Rxd5+ 33. Kc4 Rxe2 34. Kxd5 Rxg2 35. Rxc5 $17 {KR-KR} Rd2+ (35... Rxh2 $17 {And now ...Rd2+ would win.} 36. Rc6+ Kf5) 36. Ke4 (36. Kc6 $1 $11) 36... Re2+ 37. Kd4 Re6 (37... Rxh2 $17 {White must now prevent ...Rd2+.} 38. Rc6+ Kf5) 38. Ra5 $2 (38. h4 $11) 38... Re3 $19 39. Rc5 Re6 (39... Rxf3 $17 40. Rc6+ Kf5 41. Rxh6 (41. Rc7 Rh3 $17) 41... Rf2) 40. Ra5 $11 {The position is equal.} h5 {Threatens to win with ...g4.} 41. h3 $1 Re3 {Strongly threatening ...h4.} 42. Rc5 Re6 43. Ra5 Re3 {aiming for ...h4.} 44. Rc5 Re6 {Accuracy: White = 77%, Black = 82%.} 1/2-1/2

[Event "77th GEO-ch Women 2020"]
[Site "Tbilisi"]
[Date "2020.07.22"]
[Round "2.3"]
[White "Melia, Salome"]
[Black "Khukhashvili, Sopiko"]
[Result "1-0"]
[WhiteElo "2370"]
[BlackElo "2339"]
[Annotator "RC"]
[PlyCount "65"]
[EventDate "2020.07.21"]
[EventType "tourn"]
[EventCountry "GEO"]
[SourceTitle "playchess.com"]
[Source "ChessBase"]
[SourceQuality "1"]
[TimeControl "5400+30"]

1. e4 {[%emt 0:00:00]} c5 {[%emt 0:00:00]} 2. Nf3 {[%emt 0:00:00]} d6 {[%emt 0:00:00]} 3. Bb5+ {[%emt 0:00:10]} Nd7 {[%emt 0:00:40]} 4. Ba4 {[%emt 0:00:26]} Ngf6 {[%emt 0:00:53]} 5. O-O {[%emt 0:00:08]} Rb8 {[%emt 0:05:52]} 6. c4 {[%emt 0:01:17]} g6 {[%emt 0:01:40]} 7. Nc3 {[%emt 0:03:44]} Bg7 {[%emt 0:00:31]} 8. d3 {[%emt 0:01:20]} O-O {[%emt 0:00:44]} 9. h3 {[%emt 0:00:03]} a6 {[%emt 0:02:19]} 10. Be3 {[%emt 0:02:28]} h6 {[%emt 0:01:56]} 11. Qd2 {[%emt 0:05:22]} Kh7 {[%emt 0:00:44]} 12. Rab1 {[%emt 0:01:07]} Ne8 {[%emt 0:07:54]} 13. d4 {[%emt 0:07:13]} cxd4 {[%emt 0:02:17]} 14. Bxd4 {[%emt 0:00:15]} Qa5 {[%emt 0:13:17]} 15. b4 {[%emt 0:09:35]} Qh5 {[%emt 0:01:40]} 16. Nd5 {[%emt 0:19:46]} Ne5 {[%emt 0:04:48]} 17. Nxe5 {[%emt 0:04:44]} Bxe5 {[%emt 0:05:00]} 18. Ba7 {[%emt 0:11:12]} Ra8 {[%emt 0:02:09]} 19. Be3 {[%emt 0:00:16]} Nf6 {[%emt 0:02:26]} 20. f4 {[%emt 0:08:34]} Nxe4 {[%emt 0:21:55]} 21. Qd3 {[%emt 0:04:39]} Ng3 {[%emt 0:01:38]} 22. fxe5 {[%emt 0:03:39]} dxe5 {[%emt 0:00:29]} 23. Rb2 {[%emt 0:06:21]} b5 {[%emt 0:04:59]} 24. Bd1 {[%emt 0:02:45]} bxc4 {[%emt 0:07:03]} 25. Qxc4 {[%emt 0:01:54]} Nxf1 {[%emt 0:00:14]} 26. Bxh5 {[%emt 0:00:20]} Ng3 {[%emt 0:00:17]} 27. Bf3 {[%emt 0:01:11]} Be6 {[%emt 0:00:06]} 28. Qc7 {[%emt 0:01:38]} e4 {[%emt 0:02:02]} 29. Qxg3 {[%emt 0:00:18]} exf3 {[%emt 0:01:00]} 30. Nc7 {[%emt 0:00:41]} Rad8 {[%emt 0:01:11]} 31. Nxe6 {[%emt 0:00:08]} fxe6 {[%emt 0:00:03]} 32. gxf3 {[%emt 0:00:37]} Rd3 {[%emt 0:00:40]} 33. Re2 {[%emt 0:00:34]} 1-0

[Event "77th GEO-ch Women 2020"]
[Site "Tbilisi"]
[Date "2020.07.22"]
[Round "2.4"]
[White "Khomeriki, Nino"]
[Black "Gvetadze, Sofio"]
[Result "1-0"]
[WhiteElo "2319"]
[BlackElo "2308"]
[Annotator "TA"]
[PlyCount "49"]
[EventDate "2020.07.21"]
[EventType "tourn"]
[EventCountry "GEO"]
[SourceTitle "playchess.com"]
[Source "ChessBase"]
[SourceQuality "1"]

{[%evp 15,49,23,22,16,59,59,58,55,68,41,39,37,109,106,109,109,306,293,489,484,488,476,467,472,891,887,873,860,847,810,1100,1117,2783,2652,6008,668]} 1. d4 Nf6 2. c4 e6 3. Nf3 b6 4. g3 Bb7 5. Bg2 d5 6. cxd5 exd5 7. O-O Bd6 8. Nc3 O-O 9. Nh4 {D02: 1 d4 d5 2 Nf3 sidelines, including 2...Nf6 3 g3 and 2...Nf6 3 Bf4.} (9. Nb5 Be7 10. Bf4 Na6 11. Rc1 c6 12. Nc3 Nc7 13. Rc2 Ne6 14. Bc1 Bd6 15. Ng5 Re8 16. Qd3 Nc7 17. Re1 h6 {0-1 (72) Khomeriki,N (2317)-Gvetadze,S (2285) Tbilisi 2017}) 9... Re8 10. Bg5 {Black must now prevent Nxd5!} Be7 $1 11. Nf5 {[#] White is slightly better.} Bf8 $146 ({Predecessor:} 11... c6 12. Nxe7+ Qxe7 13. e4 dxe4 14. Nxe4 Nbd7 15. Re1 Qb4 16. a3 Qxb2 17. Nd6 Rxe1+ 18. Qxe1 {1-0 (50) Dunn,A (2205)-Karlsson,M (1884) Reykjavik 2012}) 12. Qc2 Na6 13. a3 {Hoping for Bxf6.} c6 (13... g6 $14) 14. e4 $36 {[%mdl 2048] White is really pushing.} h6 15. Bxf6 $1 gxf6 $2 (15... Qxf6 $16 16. exd5 Nc7) 16. Qd1 Kh7 $2 (16... Bc8 17. Qg4+ Kh8) 17. Qh5 {White is clearly winning.} Qd7 18. exd5 cxd5 19. Bh3 {[#] Nxh6 is the strong threat.} Bc8 (19... Re6 $142 20. Ne3 Qe8 21. Bf5+ Kg8) 20. Nh4 $18 Qb7 21. Bg2 Be6 22. Nxd5 Bxd5 23. Bxd5 Qd7 24. Bxf7 {[#] White threatens Qg6+ and mate.} Bg7 25. Qg6+ {White took control after the opening. Accuracy: White = 87%, Black = 40%.} (25. Rfe1 $142 Rxe1+ 26. Rxe1) 1-0